000 00715nam a2200289Ia 4500
005 20260324121724.0
008 008 260324s9999 xx 000 0 eng d
020 _a9780203760659
037 _aEBOOK
040 _aCRL
040 _beng
040 _cCRL
041 _2eng
041 _aeng
084 _qCRL
100 _aAna Carolina Hosne
_91163620
245 4 _aThe Jesuit Missions to China and Peru, 1570-1610
245 0 _bExpectations and Appraisals of Expansionism
260 _bTaylor and Francis
260 _c2013
365 _a
365 _b240
856 _uhttp://www.taylorfrancis.com/books/9780203760659
942 _cEBOOK
999 _c1755899
_d1755899